000 01983cam a22004093a 4500
999 _c529869
_d529869
001 13973714
003 NUST
005 20191004103135.0
008 050518s2005 dcua b 000 0 eng d
010 _a 2005927778
020 _a0309097525
035 _a(CStRLIN)MNUGA004641609-B
035 _a(MnU)004641609
038 _aMSOHAIL
040 _aOSU
_cOSU
_dTDG
_dMnU
_dDLC
050 0 0 _aMLCM 2006/40168 (T)
082 _a0
245 0 0 _aImproving the safety of older road users /
_cconsultant, Jane C. Stutts.
260 _aWashington, D.C. :
_bTransportation Research Board,
_c2005.
300 _a103 p. :
_bill. ;
_c28 cm.
490 1 _aNCHRP synthesis,
_x0547-5570 ;
_v348
500 _a"Research sponsored by the American Association of State Highway and Transportation Officials in cooperation with the Federal Highway Administration."
504 _aIncludes bibliographical references (p. 62-64).
650 0 _aOlder automobile drivers
_zUnited States.
_922845
650 0 _aTraffic safety
_zUnited States
_xPlanning.
_922846
650 0 _aTraffic accidents
_zUnited States.
_922367
700 1 _aStutts, Jane C.
_922404
710 2 _aNational Cooperative Highway Research Program.
_920864
710 2 _aNational Research Council (U.S.).
_bTransportation Research Board.
_922847
710 2 _aAmerican Association of State Highway and Transportation Officials.
_919553
710 1 _aUnited States.
_bFederal Highway Administration.
_920149
830 0 _aSynthesis of highway practice ;
_v348.
_922848
906 _a7
_bcbc
_ccopycat
_d2
_encip
_f20
_gy-gencatlg
942 _2ddc
_cBK